00538nam a22001697a 450000500170000002000150001702000180003208200080005010000180005824501300007626000370020630000430024350000190028665000190030570000230032470000210034720120109161523.0 a1405417021 a9781405417020 a909 aGaneri, Anita aEncyclopedia of world history:bfrom the stone age to the 21st century /cby Anita Ganeri, Hazel Mary Martell, Brian Williams aBath, BAI, UKbParragon, c2006. a256p. :bill, photos (Col.)c28cm (Hb) aIncludes index aHistoryzWorld aMartel, Hazel Mary aWilliams, Brian